书目信息 |
| 题名: |
机车安全运行专家系统
|
|
| 作者: | 蒋兆远 编著 | |
| 分册: | ||
| 出版信息: | 北京 科学出版社 2005.03 |
|
| 页数: | 194页 | |
| 开本: | 24cm | |
| 丛书名: | 华夏英才基金学术文库 | |
| 单 册: | ||
| 中图分类: | U268.2 | |
| 科图分类: | ||
| 主题词: | 机车--行车安全--专家系统 | |
| 电子资源: | ||
| ISBN: | 7-03-014795-2 | |
| 000 | 00675nam0 2200217 450 | |
| 001 | 0637094750 | |
| 005 | 20061010152955.95 | |
| 010 | @a7-03-014795-2@dCNY 39.00 | |
| 100 | @a20060819d2005 km y0chiy0120 ea | |
| 101 | 0 | @achi |
| 102 | @aCN@b110000 | |
| 200 | 1 | @a机车安全运行专家系统@Aji che an quan yun xing zhuan jia xi tong@f蒋兆远等编著@Fjiang zhao yuan deng bian zhu |
| 210 | @a北京@c科学出版社@d2005.03 | |
| 215 | @a194页@d24cm | |
| 225 | 2 | @a华夏英才基金学术文库 |
| 410 | 0 | @12001 @a华夏英才基金学术文库 |
| 606 | 0 | @a机车@x行车安全@x专家系统 |
| 690 | @aU268.2@v4 | |
| 701 | 0 | @a蒋兆远@Ajiang zhao yuan@4编著 |
| 801 | @aCN@c20061010 | |
| 905 | @apdsgxy@dU268.2@eJ608 | |
| 机车安全运行专家系统/蒋兆远等编著.-北京:科学出版社,2005.03 |
| 194页;24cm.-(华夏英才基金学术文库) |
| ISBN 7-03-014795-2:CNY 39.00 |
| ● |
| 相关链接 |
|
|
|
正题名:机车安全运行专家系统
索取号:U268.2/J608
 
预约/预借
| 序号 | 登录号 | 条形码 | 馆藏地/架位号 | 状态 | 备注 |
| 1 | 608636 | 206086368 | 自科二线400A/400A自科库 25排1列1层/ [索取号:U268.2/J608] | 在馆 | |
| 2 | 608637 | 206086377 | 自科库501/501自科库 50排2列1层/ [索取号:U268.2/J608] | 在馆 | |
| 3 | 608638 | 206086386 | 自科库501/501自科库 50排2列1层/ [索取号:U268.2/J608] | 在馆 |